000 00954nam a2200241 i 4500
001 182668
003 ES-MaACL
005 20250902225550.0
008 131009s2009 sp | |||||||| | spa d
020 _a978-84-92705-03-0
080 _a821.134.2(83)-14"18"
100 1 _aPezoa Véliz, Carlos (
_d1879-1908)
_9153601
245 1 0 _aNadie dijo nada /
_cCarlos Pezoa Véliz ; selección y prólogo de Jorge Edwards.
260 _aSevilla :
_bSibilina :
_bFundación BBVA,
_cimp. 2009.
300 _a102 p. ;
_c21 cm.
490 1 _aBiblioteca Sibila-Fundación BBVA de poesía en español ;
_v14.
_aAntologías
700 0 _aEdwards, Jorge.
_946673
830 0 _aBiblioteca Sibila-Fundación BBVA de poesía en español ;
_v14.
_aAntologías
_9224876
852 _aES-MaACL
_jA-12821
_9189585
_bR.149035
_cDEPO1
_dOlim: N-5821
_xDonación: Fundación BBVA
914 _aFundación BBVA
_ednr
_94230
942 _2udc
_cMONOGRAFIA
999 _c182668
_d182668